000 00344nam a2200133Ia 4500
008 100328s9999 xx 000 0 und d
082 _b29095
100 _aकाळे वैजयंती
245 _aमदहोश.
260 _bराजेंद्र
630 _aमदहोश.
730 _aमदहोश.
942 _cBOOK
999 _c520197
_d520194